| 000 | 00699nam a2200205 4500 | ||
|---|---|---|---|
| 001 | 145073 | ||
| 003 | ES-MaACL | ||
| 005 | 20251005063116.0 | ||
| 007 | t| | ||
| 008 | 070214s1935 fr r ||||1| fre d | ||
| 100 | 1 |
_aSomerset, Fitzroy Richard, _cBaron Raglan _9107263 |
|
| 245 | 1 | 3 |
_aLe tabou de l'inceste _b: étude anthropologique / _cLord Raglan ; traduit de l'anglais par L. Rambert. |
| 260 |
_aParis : _bPayot, _c1935 ( _eSaint-Denis : _fJ. Dardaillou) |
||
| 300 |
_a222 p. ; _c23 x 14 cm. |
||
| 490 | 1 | _aBibliothèque scientifique | |
| 700 | 1 |
_aRambert, Louis. _995073 |
|
| 830 | 0 |
_aBibliothèque scientifique _9181657 |
|
| 852 |
_aES-MaACL _jA-3417 |
||
| 999 |
_c145073 _d145073 |
||